000 00631cam a22002053a 4500
001 41168
003 PGUSA
005 20140828083928.0
008 121024s2012||||xxu|||||s|||||000 | eng d
040 _aPGUSA
_beng
042 _adc
100 1 _aBlake, Matilda Maria
245 1 4 _aThe Siege of Norwich Castle :
_bA story of the last struggle against the Conqueror
_h[electronic resource] /
_cMatilda Maria Blake
260 _bProject Gutenberg,
_c2012
506 _aPublic domain in the USA.
516 _aElectronic text
830 0 _aProject Gutenberg
_v41168
856 4 0 _uhttp://www.gutenberg.org/ebooks/41168
942 _cEB
999 _c270420
_d270420